000 00336nam a2200157Ia 4500
003 0STCL
008 150530s9999 xx 000 0 und d
040 _aSTCL
_cSTCL
100 _aTime life Books
245 _aMedica advisor
260 _c2000
546 _aEnglish
942 _2ddc
_cBK
999 _c40216
_d40216
005 20220125170514.0